Normal view
MARC view
- Robinson, Celeste Simpson, Alan
Entry Personal Name
001 - CONTROL NUMBER
- control field: 56952
003 - CONTROL NUMBER IDENTIFIER
- control field: NUST
005 - DATE AND TIME OF LATEST TRANSACTION
- control field: 20210628201821.0
008 - FIXED-LENGTH DATA ELEMENTS
- fixed length control field: 210628|| aca||aabn | a|a d
040 ## - CATALOGING SOURCE
- Original cataloging agency: NUST
- Transcribing agency: NUST
100 ## - HEADING--PERSONAL NAME
- Personal name: Robinson, Celeste Simpson, Alan
670 ## - SOURCE DATA FOUND
- Source citation: Work cat.: (NUST): Robinson, Celeste Simpson, Alan, Mastering access 2000, access 2000 microsoft access 2000, 1999
